| 000 | 00373 a2200145 4500 | ||
|---|---|---|---|
| 999 |
_c12691 _d12691 |
||
| 003 | OSt | ||
| 005 | 20240705125456.0 | ||
| 008 | 240705b ||||| |||| 00| 0 eng d | ||
| 020 | _a9781788841382 | ||
| 100 | _a George Michell | ||
| 245 | _aTemples of Deccan India: Hindu and Jain, 7th to 13th Centuries | ||
| 260 |
_bAcc Art Books _c2021 |
||
| 300 | _a383p; | ||
| 942 | _2ddc | ||